[Event "Linares 14th"]
[Site "Linares"]
[Date "1997.02.16"]
[Round "11"]
[White "Piket, Jeroen"]
[Black "Polgar, Judit"]
[Result "0-1"]
[WhiteElo "2640"]
[BlackElo "2645"]
[Annotator "Psakhis,L"]
[PlyCount "92"]
[EventDate "1997.02.04"]
[EventType "tourn"]
[EventRounds "11"]
[EventCountry "ESP"]
[EventCategory "18"]
[SourceTitle "CBM 057"]
[Source "ChessBase"]
[SourceDate "1997.04.01"]
[SourceVersion "1"]
[SourceVersionDate "1997.04.01"]
[SourceQuality "1"]

1. d4 Nf6 2. c4 g6 3. Nc3 d5 4. Nf3 Bg7 5. Qb3 dxc4 6. Qxc4 O-O 7. e4 a6 8. e5
b5 9. Qb3 Nfd7 10. Be3 c5 (10... Nb6 $5 11. a4 Be6 12. Qd1 b4 13. Ne4 Bd5 14.
Bd3 a5 $5 $146 15. O-O Nc6 $14 {1/2-1/2 Alterman,B-Vakhidov,T/Erevan ol 
(Alterman) 1996 (44)}) 11. e6 c4 (11... fxe6 12. Qxe6+ Kh8 13. Qe4 $16) 12.
exf7+ (12. Qc2 fxe6 13. h4 e5 $13) 12... Rxf7 13. Qd1 Nb6 14. Ne5 (14. a4 b4
15. Ne4 a5 16. Ne5 Rf8 17. Nxc4 Nd5 18. Be2 Nxe3 19. fxe3 e5 20. Nxe5 Bb7 {
1/2-1/2 Portisch,L-Ribli,Z/HUN-ch Budapest (03)/1971/ (42)}) 14... Rf8 (14...
Bxe5 $2 15. dxe5 Qc7 16. Qd4 $16) 15. a4 Bb7 $5 {N/} (15... b4 16. a5 (16. Ne4
$5) 16... bxc3 17. axb6 cxb2 18. Bxc4+ Kh8 (18... e6 $5 19. Rb1 Qxb6 20. Qb3
Qxb3 21. Bxb3 Bxe5 22. dxe5 Nc6) 19. Rb1 Qxb6 20. Qd2 Be6 $5 (20... Nd7 21.
Rxb2 Nxe5 $5 (21... Qf6 $5 22. f4 $13) 22. Rxb6 Nxc4 23. Qb4 Nxb6 24. Qxb6 a5 (
24... Bf5 25. Qa5 Rfb8 26. O-O $16) 25. O-O a4 26. Ra1 $16 {/\ 42.Qh8+!; 1-0
Karpov,An-Kamsky,G (09)/Wch Elista 1996 (41)}) 21. Rxb2 Qd6 22. Bxe6 Qxe6 23.
O-O Nd7 {1/2-1/2 Horvath,C-Turov,M/Budapest-11 GM 1996}) 16. axb5 axb5 17. Rxa8
Bxa8 18. Nxb5 N8d7 (18... Kh8 $5 19. Qg4 Bd5 (19... Nc6 20. Nxc4) 20. Qh4) 19.
Nxc4 Kh8 $1 {[%csl Re1][%cal Ra8g2,Re7e5]} 20. h4 (20. Nxb6 $5 Qxb6 (20... Nxb6
21. Qg4 e5 22. dxe5 Nd5) 21. Qa4 Nf6) (20. Qc1 Nxc4 21. Qxc4 e5 22. d5 Nb6 $13)
20... Bxg2 $5 (20... Nxc4 21. Bxc4 Bxg2 22. Rg1 Bc6 $10) 21. Bxg2 Nxc4 22. O-O
{[%csl Rb2,Rd4,Rh4]} Qb8 (22... Qb6 $5) 23. Nc3 (23. Qd3 $5 Qxb5 24. b3 Nd6 25.
Qxb5 Nxb5 26. Bc6 Nxd4 27. Bxd4 Bxd4 28. Bxd7 $15) 23... Nf6 $5 (23... Qxb2 24.
Qe2 $5) 24. Bc1 Nd6 25. d5 (25. Re1 Nf5 26. Bh3 Nxh4 27. Rxe7 Ng8 $1 28. Re3
Qf4 $40) 25... Nf5 26. Qa4 Nh5 $1 {[%cal Rg7d4]} 27. Ne2 (27. Bh3 $5 Qe5 (27...
Nd4 28. Bg4 Qe5 $44) 28. Bxf5 Qxf5 29. Qe4 Qf7 (29... Bxc3 30. Qxf5 Rxf5 31.
bxc3 Rxd5 32. Re1 $10) 30. Qe3 $10) 27... Bf6 28. Bg5 Qxb2 29. Bf3 Nhg7 (29...
Qe5 $5 30. Bxh5 (30. Rc1 Nxh4 $1 31. Bxh4 Bxh4 32. Qxh4 Rxf3) (30. Bxf6+ Nxf6
31. Rd1 $17) 30... gxh5 31. Qf4 Qxd5 (31... Qxe2 32. Qxf5 Rg8 33. Kh2 $1 $10) (
31... Nxh4 32. Qxe5 Nf3+ 33. Kg2 Nxe5 $15) 32. Bxf6+ Rxf6 33. Rc1 Rg6+ 34. Ng3
Rg4 $17) 30. Qe4 Nd6 (30... Nxh4 31. Bxh4 Bxh4 32. Qxh4 Rxf3 33. Qxe7) 31. Qg4
(31. Qf4 $5) 31... Ngf5 32. Nf4 Nf7 (32... Rc8 $5 $17 {[%cal Rc8c4]}) 33. Be4 (
33. Bg2 Ne5 34. Qh3 Bxg5 (34... Nd4 $5) 35. hxg5 Nd4 36. Ne6 $1 (36. Qe3 Ng4
37. Nxg6+ (37. Qxe7 Qb8 $1 (37... Rxf4 38. Qe8+ Kg7 39. Qd7+ Kg8 40. Qc8+ $10)
38. f3 Re8 $1 (38... Rf7 $5 39. Qe1 $1 $13 (39. Qxf7 $2 Ne2+ 40. Kh1 Ng3+ 41.
Kg1 Qb6+ $19)) 39. Qc5 Ne2+ $1 40. Kh1 Qxf4 41. fxg4 Ng3+ 42. Kg1 Nxf1 43. Qc3+
Kg8 44. Bxf1 Qxg4+ $19) 37... Kg7 $1 (37... hxg6 38. Qh3+) 38. Qh3 (38. Qxe7+
Rf7 39. Qe1 (39. Qe4 Ne2+ 40. Kh1 Ng3+ $1) 39... hxg6 $19) 38... Ne2+ 39. Kh1
hxg6 (39... Nxf2+ 40. Rxf2 Rxf2 41. Qh6+ Kg8 42. Nxe7+ Kf7 43. Qe6+ Kf8 44.
Qc8+ Kf7 (44... Kxe7 45. Qc5+) 45. Qe6+ $10) 40. Qxg4 Qe5 $1 41. f4 Nxf4 $19)
36... Rf5 $5 (36... Nef3+ 37. Bxf3 (37. Kh1 Nxe6 38. Qxe6) 37... Nxf3+ 38. Kg2
Rf5) 37. Qe3 Nef3+ 38. Kh1 Nxe6 39. Qxe6 Qa3 $17) 33... Ne5 34. Qh3 Nd4 (34...
Bxg5 35. hxg5 Qd4 36. Nxg6+ $1 Nxg6 37. Bxf5 Qxd5 38. Bxg6 Qxg5+ 39. Qg2) 35.
Bh6 $138 (35. Rb1 Ne2+ 36. Nxe2 Qxe2) 35... Bg7 36. Bg5 Qb4 37. Qe3 h6 38.
Nxg6+ Nxg6 39. Bxh6 Nf4 (39... Nf5 $1 40. Bxg7+ (40. Bxf5 Rxf5 41. Qg3 Rh5 $19)
40... Kxg7 41. Qd3 Nd6 (41... Ne5 $5 42. Qe2 Nxh4 $19) 42. Bxg6 Qg4+ 43. Qg3
Qxg6 44. Re1 Nf5 $19) 40. Bxg7+ (40. Bxf4 $2 Rxf4) 40... Kxg7 41. Kh1 $1 Nde2
$1 (41... Kh8 42. Rb1 Qc4 43. Rc1) 42. Bf3 (42. Bd3 Rf6 (42... Ng6 43. Qg5 $8 (
43. Bxe2 Qxh4+ 44. Kg1 Rh8 45. Qc3+ Kf7 46. Qf3+ Nf4 $19) 43... Nef4 44. Bxg6
Nxg6 45. h5 Qh4+ 46. Qxh4 Nxh4 $19) 43. Rb1 (43. Bxe2 Nxe2) 43... Qa3 44. Bxe2
Qxe3 45. fxe3 Nxe2 46. Rb7 Kf7 $19) 42... Ng6 $1 (42... Rf5 $5 43. d6 (43. Bg4
Rxd5 44. Bf3 Ng6 $1 45. Bxd5 Qxh4+ 46. Kg2 Ngf4+ 47. Kf3 Qh5+ 48. Ke4 Qxd5#)
43... Ne6 $3 44. Qe4 (44. Be4 Rf4 45. Qxe2 Rxe4 46. Rg1+ Kh6 $19) 44... Ng3+
45. fxg3 Qxe4 46. Bxe4 Rxf1+ 47. Kg2 Rd1 48. dxe7 Kf7 $19) 43. Bxe2 $6 (43.
Qxe2 Qxh4+ 44. Kg1 Nf4 45. Qe4 (45. Qe5+ Kh6) 45... Rh8 $1 (45... Qg5+ 46. Bg2
Rg8 47. d6 $1 exd6 (47... Kh8 48. dxe7 Nxg2 49. Qd4+ Kh7 50. Qd3+ Rg6 51. Qxg6+
(51. Qh3+) 51... Qxg6 52. e8=Q Qxe8 53. Kxg2 Qg6+ 54. Kh3 Qd3+ 55. Kg2) 48. Rd1
$1 (48. Ra1 Kh6) 48... Kh8 49. Rxd6 Nxg2 50. Qd4+ Rg7 51. Rd8+ Kh7 52. Qe4+ $15
) 46. Qe5+ (46. Re1 Nh3+ 47. Kh1 (47. Kh2 Qxf2+ 48. Kh1 Nf4+) 47... Nxf2+ $19)
46... Kg8 47. Qb8+ (47. Ra1 Qh2+ 48. Kf1 Qh1+ $1) 47... Kf7 $19) 43... Qxh4+
44. Kg1 Rh8 45. Qc3+ Kf7 46. Qf3+ Nf4 (46... Nf4 47. Ra1 Qh2+ 48. Kf1 Qh1+) 0-1

[Event "Cappelle op 31st"]
[Site "Cappelle la Grande"]
[Date "2015.03.02"]
[Round "3"]
[White "Sandipan, Chanda"]
[Black "Wagner, Dennis"]
[Result "1/2-1/2"]
[WhiteElo "2574"]
[BlackElo "2523"]
[Annotator "RR"]
[PlyCount "54"]
[EventDate "2015.02.28"]
[EventType "swiss"]
[EventRounds "9"]
[EventCountry "FRA"]
[SourceTitle "EXT 2016"]
[Source "ChessBase"]
[SourceDate "2015.10.08"]
[SourceVersion "1"]
[SourceVersionDate "2015.10.08"]
[SourceQuality "1"]

1. d4 Nf6 2. c4 g6 3. Nc3 d5 4. Nf3 Bg7 5. Qb3 dxc4 6. Qxc4 O-O 7. e4 a6 8. e5
b5 9. Qb3 Nfd7 (9... Ng4) 10. Be2 (10. Ng5 Nc6 11. Be3 Na5 12. Qd1 h6 13. Nxf7
Rxf7 14. e6 Rf8 15. exd7 Bxd7 16. Qd2 Bf5 17. Bxh6 Bxh6 18. Qxh6 Qxd4 19. Rd1
Qe5+ 20. Be2 Rad8 21. Rxd8 Rxd8 22. g4 Bc2 23. O-O b4 24. Rc1 bxc3 25. Rxc2
cxb2 26. Qxg6+ Kf8 27. Qh6+ Kg8 28. Qg6+ Kf8 29. Qh6+ Kg8 30. Qg6+ Kf8 {
1/2-1/2 (30) Gajewski,G (2648)-Swiercz,D (2622) Poznan 2015}) 10... c5 11. e6
$1 fxe6 12. Qxe6+ Kh8 13. dxc5 Ne5 14. Qd5 Qxd5 15. Nxd5 Nxf3+ 16. Bxf3 Bb7 $44
17. Nc7 Bxf3 18. gxf3 Ra7 19. Ne6 Rxf3 20. Ke2 Rf5 21. Nxg7 $146 Kxg7 22. Be3
Rd7 (22... Nc6 23. Rad1 $11 (23. a4 Rb7 24. axb5 Rxb5 25. Rxa6 Rxb2+ 26. Kf1
Nb4 27. Rb6 Rb1+ 28. Kg2 Rxh1 29. Kxh1 Nc2 30. c6 Nxe3 31. fxe3 Rf2 32. Rb8 Rc2
33. Rc8 Kf6 34. c7 Ke5 35. Rh8 Rxc7 36. Rxh7 Ke4 37. Kg2 Rc2+ 38. Kg3 e5 39.
Rg7 Rc6 40. Kf2 Rd6 41. Ke2 Ra6 42. Kf2 Ra2+ 43. Kg3 Kxe3 44. Rxg6 Ra1 45. Kg4
{1/2-1/2 (45) Jankovic,A (2584)-Rodshtein,M (2641) Rogaska Slatina 2011})) 23.
Rhd1 Rfd5 24. Rxd5 Rxd5 25. a4 b4 26. Rd1 e6 27. Rd4 Nc6 1/2-1/2

[Event "FIDE World Cup"]
[Site "Baku"]
[Date "2015.09.25"]
[Round "5.3"]
[White "Svidler, Peter"]
[Black "Wei, Yi"]
[Result "1/2-1/2"]
[WhiteElo "2727"]
[BlackElo "2734"]
[Annotator "Ramirez Alvarez,A"]
[PlyCount "111"]
[EventDate "2015.09.11"]
[EventType "k.o."]
[EventRounds "7"]
[EventCountry "AZE"]
[SourceTitle "CBM 169"]
[Source "ChessBase"]
[SourceDate "2015.11.10"]
[SourceVersion "1"]
[SourceVersionDate "2015.11.10"]
[SourceQuality "1"]

1. d4 Nf6 2. c4 g6 3. Nc3 d5 4. Nf3 Bg7 5. Qb3 dxc4 6. Qxc4 O-O 7. e4 Be6 8.
Qd3 c5 9. d5 Bg4 10. Ng5 h6 11. h3 Bc8 12. Nf3 e6 13. dxe6 Bxe6 14. Be3 Qe7 15.
Rd1 Nc6 16. Qd6 Qxd6 17. Rxd6 {A typical Grunfeld position. Black has some
problems with his c5 pawn at the moment, but he is definitely better developed
than White.} c4 (17... Na5 18. Bxc5 Rfc8 19. Be3 Rxc3 $1 {With strong
counterplay.}) 18. Rxe6 {An obvious exchange sacrifice. White does get enough
compensation for the lost material, but it is unlikely that it is any more
than that.} fxe6 19. Bxc4 Rfe8 (19... Kf7 $1) 20. Nb5 Na5 21. Bd3 {Black has
some issues since a7 is hanging and there is a fork that is being threatened
on c7.} Rec8 22. Ke2 Nc4 $5 {The start of an unusual series of trades.} (22...
a6 23. Nd6 Rd8 24. e5 Nd7 25. Bxg6 $14) 23. Nxa7 $1 Nxe3 24. Nxc8 Nxg2 25. Ne7+
$1 (25. Rc1 Nf4+ 26. Ke3 Nxh3 $15) 25... Kf7 26. Nxg6 $1 {A nice detail.
Because the knight covers f4, it cannot be ignored.} Kxg6 27. Rg1 Rxa2 (27...
Nd7 28. Rxg2+ Kf7 {was probably better, gunning for the b2 pawn and taking
control of e5.}) 28. Rxg2+ Kf7 29. Ne5+ {White emergest upa a pawn and retains
winning chances.} Kf8 30. Ng6+ Kf7 31. Nf4 Rxb2+ 32. Ke3 Bf8 33. Bc4 Rb6 {
Black is just in time to defend his pawn, but even that endgame is unpleasant.}
34. Nxe6 Rxe6 35. e5 (35. f4 Ke7 36. Bxe6 Kxe6 37. Kd4 Nd7 $1 {seems close to
a draw as well.}) 35... Nd7 36. f4 b5 $1 37. Bxe6+ Kxe6 38. Rd2 b4 $1 39. f5+
Kxf5 40. Rxd7 Kxe5 {White has an extra exchange, but because of the powerful
passed b-pawn and the reduced number of pawns there is nothing Svidler can do
to win.} 41. Kd3 Kf6 42. Rd5 Ke6 43. Rb5 Kf6 44. Ke4 Be7 45. Kf4 Bd6+ 46. Ke4
Be7 47. Kf4 Bd6+ 48. Kg4 Ke6 49. Kh5 Kd7 {White captures the pawn on h6, but
now the b-pawn is dangerous.} 50. Kxh6 Kc6 51. Rf5 b3 52. Rf1 Kc5 53. h4 b2 54.
Rb1 Be5 55. Kg6 Kc4 56. Rxb2 1/2-1/2

[Event "Presidents Cup "]
[Site "Elista"]
[Date "1998.05.14"]
[Round "3.2"]
[White "Bareev, Evgeny"]
[Black "Sakaev, Konstantin"]
[Result "1/2-1/2"]
[WhiteElo "2675"]
[BlackElo "2620"]
[Annotator "Sakaev,K"]
[PlyCount "61"]
[EventDate "1998.05.07"]
[EventType "k.o."]
[EventRounds "6"]
[EventCountry "RUS"]
[SourceTitle "CBM 065"]
[Source "ChessBase"]
[SourceDate "1998.08.06"]
[SourceVersion "1"]
[SourceVersionDate "1998.08.06"]
[SourceQuality "1"]

1. d4 Nf6 2. c4 g6 3. Nc3 d5 4. Nf3 Bg7 5. Qb3 dxc4 6. Qxc4 O-O 7. e4 a6 8. Be2
b5 9. Qb3 c5 10. dxc5 Nbd7 11. e5 Nxc5 12. Qb4 Nfd7 13. Be3 $1 $146 a5 (13...
Ne6 14. Rd1 $16) 14. Qh4 e6 $1 (14... Bb7 15. Rd1 b4 16. Nd5 Bxd5 17. Rxd5 $16)
(14... b4 15. Nd5 e6 (15... Bb7 16. Nxe7+ (16. Rd1 $16) 16... Kh8 17. Ng5 h6
18. Nxf7+ Rxf7 19. Bxh6 Bxh6 20. Qxh6+ Rh7 21. Nxg6+ Kg8 22. Bc4+ $18) 16. Ne7+
Kh8 17. Ng5 h6 18. Nxf7+ Rxf7 19. Nxg6+ $18) (14... Ne6 15. Rd1 $1 $16) 15.
Qxd8 Rxd8 16. Bxb5 Bb7 (16... Ba6 17. Bxa6 Rxa6 18. O-O-O $1 $16) 17. Rd1 h6 $1
(17... Bxf3 18. gxf3 Bxe5 19. O-O $1 Rab8 20. a4 f5 21. f4 Bf6 22. Rd2 Kf7 23.
Rfd1 Ke7 24. Ne2 $1 $18) 18. Ke2 Bf8 $44 19. a4 g5 20. h3 Bxf3+ 21. gxf3 Nxe5
22. Rxd8 (22. Rdg1 Ng6 23. h4 Be7 24. hxg5 hxg5 25. Bxg5 Bxg5 26. Rxg5 Nb3 $44)
22... Rxd8 23. f4 gxf4 24. Bxf4 f6 25. Rd1 Rc8 26. Rd4 Kf7 $11 27. Be3 f5 28.
f4 Ng6 29. Rc4 Bd6 30. Na2 Ne7 31. Nc3 (31. b4 $2 axb4 32. Nxb4 Nxa4 $1)
1/2-1/2

[Event "Moscow Aeroflot op-A"]
[Site "Moscow"]
[Date "2003.02.18"]
[Round "8"]
[White "Shabalov, Alexander"]
[Black "Yandemirov, Valeri"]
[Result "1-0"]
[WhiteElo "2613"]
[BlackElo "2469"]
[Annotator "Shabalov,A"]
[PlyCount "85"]
[EventDate "2003.02.10"]
[EventType "swiss"]
[EventRounds "9"]
[EventCountry "RUS"]
[SourceTitle "CBM 094"]
[Source "ChessBase"]
[SourceDate "2003.05.26"]
[SourceVersion "1"]
[SourceVersionDate "2003.05.26"]
[SourceQuality "1"]

1. d4 Nf6 2. c4 g6 3. Nc3 d5 4. Nf3 Bg7 5. Qb3 dxc4 6. Qxc4 O-O 7. e4 Na6 8.
Be2 c5 9. d5 e6 10. O-O exd5 11. exd5 Nb4 $5 {This move had occurred only 3
times in tournament practice according to my bases. It went quite unnoticed in
first two (Onischuk,A-Thiel,T Muenster op, 1994 and Naumann,A-Gurieli,N
Berliner Sommer 1998), then it grabbed everyone's attention after being
successfully ressurrected by no less than Emil Sutovsky against Evgeny Bareev
on 2001 European championship. Extensive analyses by most Gruenfeld devotees
followed as Nb4 promised for a moment an easy way out from one of the main
White's weapon against Gruenfeld - 5.Qb3...} 12. Bg5 {According to many
comments i have heard after the game, my assessment of 12.Bg5 as the most
challenging continuation for white is correct. 12.Rd1 was played by Bareev and
is probably shut down for now after being nicely met by Sutovsky.} (12. Rd1 b6
13. Qh4 Nc2 14. Rb1 Bf5 15. Bg5 Nd4 16. Rbc1 h6 17. Bxh6 Nxd5 18. Bg5 {? 
(according to Sutovsky.18.Bd3 was still holding for white)} Nxc3 19. Nxd4 Qxd4
20. bxc3 Qxh4 21. Bxh4 Bh6 22. Ra1 Bg7 23. Rac1 Bh6 24. Ra1 Rae8 $15 {1/2-1/2
Bareev,E-Sutovsky,E/Halkidiki GRE 2002(42). and black was better, though he
didn't win.}) 12... b6 {Once again this is the move to play if black wants to
play this variation at all.Both 12...h6 and 12...Nbxd5 promise some drawish
chances, but who wants to go for these positions voluntarily.} 13. Qh4 (13.
Rad1 Ba6 (13... Re8 14. Qh4) 14. Qb3 Bxe2 15. Nxe2 h6 16. a3 hxg5 17. axb4 g4
$13) 13... h6 $5 {The key of it all.Black deflects white's bishop from the
vital diagonal and if in the end he will manage to withstand following white
activity against his weakened king, his endgame prospective will be very good.}
14. Bxh6 Nbxd5 {Starting position for analysis has arisen. It is quite
unfortunate when it happens to you in the 8th round of an open tournament when
you're standing (-1). Welcome to Aeroflot!} 15. Rad1 ({Obvious alternative to
the text was} 15. Rfd1 {when black has a choice between 15...} Nxc3 {and} (
15... Bxh6)) 15... Nxc3 16. bxc3 (16. Rxd8 {Black counterplay is huge after}
Nxe2+ 17. Kh1 Rxd8 18. Bg5 Nd4 (18... Rd6 {Black has hardly sufficient
compensation after} 19. Bxf6 Bxf6 20. Qe4) 19. Bxf6 Nxf3 20. gxf3 Rd5 $15)
16... Qe7 17. Bc4 Qe4 {Black is trying to solve his problems by tactical means.
But white has at least two ways to maintain some advantage.} 18. Bxf7+ (18.
Qxe4 {I have no doubt that the position after} Nxe4 19. Bxg7 Kxg7 20. Bd5 Nxc3
21. Bxa8 Ba6 (21... Be6 {The compensation is hardly sufficient after} 22. Bc6
Nxd1 23. Rxd1 Bxa2 {when white gets his bishop to a6} 24. Bb5 Ra8 25. Ba6) 22.
Bc6 Rc8 23. Rd6 Bxf1 24. Kxf1 Nxa2 {can be worked out in white's favor after
long home analysis. The things however weren't so clear to me during the game
and I have decided for a tactical solution. I should mention that the computer
totally disagrees with me here and prefers 18.Qxe4 by a huge margin.}) 18...
Rxf7 19. Rd8+ Bf8 ({White's main idea is that after} 19... Rf8 20. Rxf8+ Bxf8
21. Qxf6 Bxh6 22. Re1 {black is losing his queen.}) 20. Bxf8 Qxh4 ({Not} 20...
Rxf8 21. Qxf6 {of course}) 21. Bd6+ Kh7 22. Nxh4 Bb7 23. Rxa8 Bxa8 {It may
look like black's prospective are not so dim, but in fact his survival chances
are minimal.} 24. f4 $1 {By this powerful move white has not only stopped
g6-g5 but he also prepares to launch kingside pawn storm. The weakening of the
a8-h1 diagonal doesn't mean much as the knight on h4 is excellent in both
defence and attack and as soon as black rook is forced to leave the 7th rank
and let his white counterpart into black's camp the game comes to it's end
soon.} Rd7 25. Bb8 Rd2 26. h3 $1 Rxa2 27. Rd1 Nd5 $6 {In fact the computer
dislikes black position only after this move and suggests that black could
still defend after} (27... Kg8) 28. c4 {However it is hard to believe from a
practical player's point of view.} Ne3 29. Rd7+ Kg8 30. Be5 Be4 31. g4 Nxc4 $2
{The final mistake.} (31... Ng2 {was still leaving black with some practical
drawing chances.}) 32. Bf6 Rd2 {Losing on the spot. The fight was still up
after} (32... Ne3 33. f5 Nd5 34. Rg7+ (34. Be5 g5 35. Ng6 Rg2+ 36. Kf1 Ne3+ 37.
Ke1 Nc2+ 38. Kd1 Ne3+ 39. Ke1 {=}) 34... Kf8 35. Nxg6+ Ke8 36. Rg8+ Kd7 37.
Ne5+ Kc7 38. Rg7+ Kc8 39. Bg5 $16) 33. Rg7+ Kf8 34. f5 $1 {The winning push.}
gxf5 35. Ng6+ Ke8 36. Re7+ Kd8 37. Rxe4+ Kd7 38. Rxc4 fxg4 39. hxg4 a5 40. g5
Ke6 41. Ne7 Rd8 42. Re4+ Kf7 43. Bc3 1-0